000
00246 a2200097 4500
001
34565
100
_a
Coursey, Cameron
245
_a
Understanding digital PCs; the TDMA standards
260
_a
London
_b
Artech House
_c
1998
090
_c
22848
_d
22848
942
_a
NUST-CAE
_c
M
_c
14278
999
_c
269638
_d
269638